Top Scorers in Each Tournament - England - Statistics

General Stats
  • This quiz has been taken 83 times
  • The average score is 11 of 27
Answer Stats
Tournament Goals Answer % Correct
2024 Euros 3 Harry Kane
100%
2018 World Cup 6 Harry Kane
86%
2020 Euros 4 Harry Kane
84%
2022 World Cup 3 Marcus Rashford / Bukayo Saka
71%
2014 World Cup 1 Wayne Rooney / Daniel Sturridge
68%
2012 Euros 1 Andy Carroll / Joleon Lescott / Wayne Rooney / Theo Walcott / Danny Welbeck
66%
2016 Euros 1 Eric Dier / Wayne Rooney / Daniel Sturridge / Jamie Vardy
66%
2010 World Cup 1 Jermain Defoe / Steven Gerrard / Matthew Upson
53%
2004 Euros 4 Wayne Rooney
53%
1998 World Cup 2 Michael Owen / Alan Shearer
51%
1996 Euros 5 Alan Shearer
49%
2002 World Cup 2 Michael Owen
49%
2000 Euros 2 Alan Shearer
46%
2006 World Cup 2 Steven Gerrard
43%
1990 World Cup 4 Gary Lineker
37%
1986 World Cup 5 Gary Lineker
36%
1966 World Cup 4 Geoff Hurst
34%
1968 Euros 1 Bobby Charlton / Geoff Hurst
25%
1970 World Cup 1 Allan Clarke / Geoff Hurst / Alan Mullery / Martin Peters
18%
1992 Euros 1 David Platt
13%
1988 Euros 1 Tony Adams / Bryan Robson
12%
1982 World Cup 2 Trevor Francis / Bryan Robson
12%
1954 World Cup 3 Nat Lofthouse
5%
1980 Euros 1 Trevor Brooking / Ray Wilkins / Tony Woodcock
5%
1950 World Cup 1 Wilf Mannion / Stan Mortensen
4%
1958 World Cup 2 Derek Kevan
0%
1962 World Cup 2 Ron Flowers
0%
No matching quizzes found
Score Distribution
Percent of People with Each Score
Percentile by Number Answered
Your Score History
You have not taken this quiz